[Event "Bagneux"]
[Site "Bagneux"]
[Date "1993.??.??"]
[Round "5"]
[White "Borne, Niels"]
[Black "Bartha, Sandor"]
[Result "1-0"]
[WhiteElo "2275"]
[BlackElo "2280"]

1.d4 d5 2.c4 c6 3.Nc3 Nf6 4.Nf3 dxc4 5.a4 Bf5 6.e3 e6 7.Bxc4 Bb4 8.O-O Nbd7
9.Qb3 a5 10.Rd1 O-O 11.Nh4 Bg6 12.Nxg6 hxg6 13.Na2 Bd6 14.g3 Qc7 15.Bd2 e5
16.Rac1 exd4 17.exd4 Nb6 18.Bf1 Nbd5 19.Bg2 Qb6 20.Qc4 Rfe8 21.Nc3 Nb4 22.Bg5 Qa6
23.Qb3 Be7 24.Bxf6 Bxf6 25.Ne4 Be7 26.Nc5 Bxc5 27.Rxc5 Qe2 28.Bf1 Qe7 29.Bc4 Qf6
30.Re5 Re7 31.Rde1 Rd7 32.R1e4 Rf8 33.Rxa5 Qd6 34.Rc5 b6 35.Rce5 c5 36.dxc5 bxc5
37.Re8 Nc6 38.Qe3 Rxe8 39.Rxe8+ Kh7 40.Kg2 Nd4 41.Qe4 Qf6 42.Qa8 g5 43.Rh8+ Kg6
44.Bd3+ Nf5 45.Qf3 Rxd3 46.Qh5+  1-0

[Event "Balatonbereny op"]
[Site "Balatonbereny"]
[Date "1993.??.??"]
[Round "3"]
[White "Petran, Pal"]
[Black "Varga, Peter"]
[Result "1-0"]
[WhiteElo "2440"]
[BlackElo "2320"]

1.d4 d5 2.c4 c6 3.Nc3 Nf6 4.Nf3 dxc4 5.a4 Bf5 6.Ne5 e6 7.f3 Bb4 8.Nxc4 O-O
9.Bg5 h6 10.Bh4 c5 11.dxc5 Qxd1+ 12.Kxd1 Bxc5 13.e4 Bh7 14.Na5 Rd8+ 15.Kc2 Bb4
16.Nb3 Nc6 17.Bb5 Rdc8 18.Bxc6 Rxc6 19.Bxf6 gxf6 20.Nd4 Rc4 21.Rhd1 a6 22.g4 Bd6
23.Nxe6 Bxh2 24.Nd4 Be5 25.Ne2 h5 26.gxh5 f5 27.Kb3 Rc6 28.Nd5 Re8 29.f4 Bh8
30.e5 Rh6 31.Ng3 f6 32.Nc7 Rc8 33.e6 Kf8 34.Rd7 Bg8 35.Re1 Rh7 36.Rxh7 Bxh7  1-0

[Event "Beersheba"]
[Site "Beersheba"]
[Date "1993.??.??"]
[Round "5"]
[White "Huzman, Alexander"]
[Black "Gulko, Boris F"]
[Result "1/2-1/2"]
[WhiteElo "2520"]
[BlackElo "2635"]

1.d4 d5 2.c4 c6 3.Nf3 Nf6 4.Nc3 dxc4 5.a4 Bf5 6.e3 e6 7.Bxc4 Bb4 8.O-O Nbd7
9.Nh4 Bg6 10.Nxg6 hxg6 11.h3 Qc7 12.Qb3 Bxc3 13.bxc3 g5 14.e4 Nxe4 15.Bxe6 O-O-O
16.Bxf7 g4 17.Be6 gxh3 18.Bxh3 g5 19.Qc2 g4 20.Qxe4 gxh3 21.Bf4 Qa5 22.Rfe1  1/2-1/2

[Event "Beersheba"]
[Site "Beersheba"]
[Date "1993.??.??"]
[Round "6"]
[White "Huzman, Alexander"]
[Black "Chernin, Alexander"]
[Result "1/2-1/2"]
[WhiteElo "2520"]
[BlackElo "2615"]

1.d4 d5 2.c4 c6 3.Nf3 Nf6 4.Nc3 dxc4 5.a4 Bf5 6.e3 e6 7.Bxc4 Bb4 8.O-O Nbd7
9.Nh4 Bg6 10.Nxg6 hxg6 11.h3 a5 12.Qe2 O-O 13.Rd1 Qe7 14.e4 e5 15.d5 Rfd8
16.Bg5 Nf8 17.Qc2 Bc5 18.dxc6 bxc6  1/2-1/2

[Event "Benidorm op"]
[Site "Benidorm"]
[Date "1993.??.??"]
[Round "6"]
[White "Bellon Lopez, Juan Manuel"]
[Black "Tukmakov, Vladimir B"]
[Result "1/2-1/2"]
[WhiteElo "2415"]
[BlackElo "2605"]

1.d4 d5 2.c4 c6 3.Nf3 Nf6 4.Nc3 dxc4 5.a4 Bf5 6.Ne5 e6 7.g3 Bb4 8.Bg2 Be4
9.f3 Bg6 10.e4 c5 11.Be3 Nc6 12.Nxc6 bxc6 13.dxc5 Qxd1+ 14.Rxd1 Nd7 15.Kf2 Rb8
16.h4 h5 17.Bf1 Bxc5 18.Rd2 Rb4 19.Bxc4 Bxe3+ 20.Kxe3 Nb6  1/2-1/2

[Event "Benidorm op"]
[Site "Benidorm"]
[Date "1993.??.??"]
[Round "8"]
[White "Pogorelov, Ruslan"]
[Black "Kolev, Atanas"]
[Result "0-1"]
[WhiteElo "2400"]
[BlackElo "2510"]

1.Nf3 Nf6 2.c4 c6 3.Nc3 d5 4.d4 dxc4 5.a4 Bf5 6.e3 e6 7.Bxc4 Bb4 8.O-O Nbd7
9.Qb3 Qb6 10.Nh4 O-O 11.Nxf5 exf5 12.Qc2 g6 13.Rd1 Rfe8 14.Na2 Bd6 15.b4 Qc7
16.h3 Nb6 17.Bd3 Nbd5 18.Bd2 Qe7 19.b5 Rec8 20.Qb1 Ne4 21.Bxe4 fxe4 22.bxc6 Rxc6
23.Qb3 Qd7 24.Nc3 Nxc3 25.Bxc3 Rac8 26.Bd2 Rc2 27.Rac1 Qc6 28.Rxc2 Qxc2 29.Qxc2 Rxc2
30.a5 Kf8 31.Be1 Rb2 32.Rc1 Ke7 33.Bc3 Rb3 34.Kf1 Ra3 35.Be1 Rb3 36.Rc2 Kd7
37.Ke2 Rb1 38.h4 h5 39.Bd2 Bc7 40.Rc5 Bd6 41.Rc4 Rb2 42.Kd1 Be7 43.g3 Rb1+
44.Ke2 Bd6 45.Rc2 Rb5 46.Rc4 Bc7 47.Ra4 Kd6 48.a6 b6 49.Rc4 Kd7 50.Bb4 Bd6
51.Bc3 Rb3 52.d5 f5 53.f3 exf3+ 54.Kxf3 Ra3 55.e4 b5  0-1

[Event "Berliner Sommer"]
[Site "Berlin"]
[Date "1993.??.??"]
[Round "?"]
[White "Stangl, Markus"]
[Black "Milov, Leonid"]
[Result "1/2-1/2"]
[WhiteElo "2525"]
[BlackElo "2480"]

1.Nf3 d5 2.d4 Nf6 3.c4 c6 4.Nc3 dxc4 5.a4 Bf5 6.e3 e6 7.Bxc4 Bb4 8.O-O O-O
9.Qe2 Bg6 10.Ne5 Nbd7 11.Nxg6 hxg6 12.Rd1 Qa5 13.Bd2 Rac8 14.Be1 Nb6 15.Bb3 c5
16.Qb5 a6 17.Qxa5 Bxa5 18.Kf1 cxd4 19.Rxd4 e5 20.Rd3 Nc4 21.Rb1 Rfd8 22.Ke2 Rxd3
23.Kxd3 e4+ 24.Ke2 Kf8 25.Ba2 Ne5 26.b4 Bd8 27.Rb2 Be7 28.Bb1 Rc4 29.Na2 Nd5
30.f3 exf3+ 31.gxf3 f5 32.a5 Bh4 33.Bd2 Bf6 34.f4 Nf7 35.Bd3 Rc7 36.b5 axb5
37.Rxb5 Ne7 38.Bb4 Ke8 39.Bc5 Nc8 40.Nb4 Nfd6 41.Nd5 Rc6 42.Nxf6+ gxf6 43.Bxd6 Nxd6
44.Rb1 Rc5 45.a6  1/2-1/2

[Event "Berliner Sommer"]
[Site "Berlin"]
[Date "1993.??.??"]
[Round "?"]
[White "Roos, Thomas"]
[Black "Tennstedt, Andreas"]
[Result "1/2-1/2"]
[WhiteElo "2260"]
[BlackElo "2320"]

1.d4 d5 2.c4 c6 3.Nf3 Nf6 4.Nc3 dxc4 5.a4 Bf5 6.Ne5 e6 7.f3 c5 8.dxc5 Nfd7
9.c6 bxc6 10.Nxd7 Nxd7 11.e4 Bg6 12.Be3 Rb8 13.Qc2 Bc5 14.Bxc5 Nxc5 15.Bxc4 Qd4
16.Be2 O-O 17.Rd1 Qb4 18.O-O Qxb2 19.Qxb2 Rxb2 20.Rd4 Rc2 21.Rc4 Nxa4 22.Nxa4 Rxe2
23.Rxc6 Ra2 24.Nc3 Rc2 25.Rf2 Rc1+ 26.Rf1 Rxf1+ 27.Kxf1 Ra8 28.Ra6 f5 29.exf5 exf5
30.Nb5 f4 31.Rxa7 Bd3+ 32.Kf2 Rb8 33.Nd6 Rb2+ 34.Ke1 h6 35.Ra3 Bg6  1/2-1/2

[Event "Bern op"]
[Site "Bern"]
[Date "1993.??.??"]
[Round "4"]
[White "Kohlweyer, Bernd"]
[Black "Tukmakov, Vladimir B"]
[Result "0-1"]
[WhiteElo "2420"]
[BlackElo "2605"]

1.Nf3 d5 2.d4 c6 3.c4 Nf6 4.Nc3 dxc4 5.a4 Bf5 6.Ne5 e6 7.g3 Bb4 8.Bg2 Be4
9.f3 Bg6 10.e4 c5 11.dxc5 Qxd1+ 12.Kxd1 Nc6 13.Nxc6 bxc6 14.Be3 Nd7 15.Ke2 Bxc5
16.Rhd1 Rb8 17.Rxd7 Bxe3 18.Rc7 Bd4 19.Ra2 f5 20.Rxc6 fxe4 21.Rxc4 e5 22.fxe4 O-O
23.Bf3 Rb3 24.Rc7 Bf7 25.Bg4 Bb6 26.Rxf7 Kxf7 27.Kd3 Bd4 28.Kc2 Rfb8 29.Be2 R3b4
30.Nb5 Rc8+ 31.Kd2 Rd8 32.Kc2 Rc8+ 33.Kd2 Ke7  0-1

[Event "Bojnice"]
[Site "Bojnice"]
[Date "1993.??.??"]
[Round "?"]
[White "Priehoda, Vitezslav"]
[Black "Kolesar, Milan"]
[Result "0-1"]
[WhiteElo "2440"]
[BlackElo "2300"]

1.d4 d5 2.Nf3 Nf6 3.c4 c6 4.Nc3 dxc4 5.a4 Bf5 6.e3 e6 7.Bxc4 Bb4 8.O-O Nbd7
9.Qe2 Bg6 10.Ne5 Nxe5 11.dxe5 Nd7 12.f4 Nb6 13.Rd1 Qe7 14.Bd3 Bxd3 15.Rxd3 O-O
16.e4 Rfd8 17.Rg3 Bc5+ 18.Kh1 Bd4 19.Nd1 Qc5 20.Ne3 Qb4 21.Ng4 Qc4 22.Qe1 Qc2
23.Be3 Bxe3 24.Rxe3 Rd2 25.Rc1 Qxb2 26.Rb1 Qd4 27.Qh4 Nd7 28.h3 Rd1+ 29.Rxd1 Qxd1+
30.Kh2 Qd4 31.Rf3 g6 32.Qe7 Kg7 33.h4 h5 34.Nf6 Nxf6 35.exf6+ Qxf6 36.Qxb7 Qxh4+
37.Kg1 Rd8 38.Qb2+ Qf6 39.e5 Qh4  0-1

[Event "Bratislava op"]
[Site "Bratislava"]
[Date "1993.??.??"]
[Round "8"]
[White "Fish, Gannadij"]
[Black "Kolesar, Milan"]
[Result "1-0"]
[WhiteElo "2440"]
[BlackElo "2300"]

1.d4 d5 2.c4 c6 3.Nf3 Nf6 4.Nc3 dxc4 5.a4 Bf5 6.Ne5 Na6 7.f3 Nd7 8.Nxc4 e5
9.e4 exd4 10.Qxd4 Nb4 11.Ne3 Be6 12.Bc4 Bxc4 13.Qxc4 Ne5 14.Qe2 Ned3+ 15.Kf1 Bc5
16.g3 h5 17.h4 g6 18.Kg2 Qd4 19.Nc2 Nxc2 20.Qxc2 O-O-O 21.Rd1 Qf2+ 22.Qxf2 Nxf2
23.Rf1 Nd3 24.Bg5 Rd7 25.Rab1 Bb4 26.Rfd1 Re8 27.Na2 Bf8 28.Nc3 Bg7 29.Rd2 f6
30.Be3 Red8 31.Kf1 a6 32.Ke2 f5 33.Bg5 Bf6 34.Bxf6 Nc1+ 35.Ke1 Rxd2 36.Bxd8 Rxd8
37.Rxc1  1-0

[Event "Wch U16"]
[Site "Bratislava"]
[Date "1993.??.??"]
[Round "9"]
[White "Dao Thien Hai"]
[Black "Gretarsson, Helgi Ass"]
[Result "0-1"]
[WhiteElo "2560"]
[BlackElo "2370"]

1.d4 d5 2.c4 c6 3.Nf3 Nf6 4.Nc3 dxc4 5.a4 Bf5 6.e3 e6 7.Bxc4 Bb4 8.O-O Nbd7
9.Qb3 a5 10.Na2 Be7 11.Nh4 Bg4 12.f3 Bh5 13.g4 Bg6 14.Nxg6 hxg6 15.Rf2 Nb6
16.Bf1 Nfd7 17.f4 g5 18.fxg5 Bxg5 19.Nc3 Nf6 20.Qd1 Nbd5 21.Qf3 Nxe3 22.Bxe3 Bxe3
23.Qxe3 Nxg4 24.Qf4 Nxf2 25.Qxf2 Rh4 26.Ne2 Qg5+ 27.Bg2 O-O-O 28.Ra3 f5 29.h3 Qf6
30.Qe1 Rhxd4 31.Nxd4 Qxd4+ 32.Kh2 e5 33.Rf3 g6 34.Qxa5 e4 35.Rb3 Qd6+ 36.Rg3 f4
37.Qa8+ Kc7 38.Qa5+ Kc8 39.Qa8+ Kc7 40.Qa5+ Kd7 41.Rg5 f3+ 42.Qe5 fxg2 43.Qxd6+ Kxd6
44.b4 Ke6 45.Kxg2 Kf6 46.Rc5 Rd5 47.Rc2 Ke5 48.a5 Rd6 49.Rb2 Kf4 50.Kf2 Rd3
51.h4 Rh3 52.Kg2 Rg3+ 53.Kf1 e3 54.h5 Kf3 55.hxg6 Rxg6 56.Rh2 e2+ 57.Rxe2 Rg1+
58.Kxg1 Kxe2  0-1

[Event "Bruchkoebel MVT"]
[Site "Bruchkoebel"]
[Date "1993.??.??"]
[Round "7"]
[White "Majer, Damir"]
[Black "Kuech, Holger"]
[Result "0-1"]
[WhiteElo "2225"]
[BlackElo "2260"]

1.d4 d5 2.c4 c6 3.Nf3 Nf6 4.Nc3 dxc4 5.a4 Bf5 6.e3 e6 7.Bxc4 Bb4 8.O-O Nbd7
9.Qe2 Bg6 10.e4 Bxc3 11.bxc3 Nxe4 12.Ba3 Qc7 13.Nd2 Nd6 14.Bxe6 O-O 15.Bb3 Rfe8
16.Qf3 Nf6 17.Qg3 Rad8 18.Rfe1 Rxe1+ 19.Rxe1 Qd7 20.Nf3 Nde4 21.Qh4 Nxc3
22.Ne5 Qxd4 23.Qxd4 Rxd4 24.Bc5 Re4 25.Rxe4 Nfxe4 26.Bb4 c5 27.Ba3 Nd2 28.Nxg6 Nxb3
29.Ne7+ Kf8 30.Nc8 Nxa4  0-1

[Event "Bucharest ENE"]
[Site "Bucharest"]
[Date "1993.??.??"]
[Round "6"]
[White "Rogozenko, Dorin"]
[Black "Schwartzman, Gabriel"]
[Result "0-1"]
[WhiteElo "2500"]
[BlackElo "2480"]

1.d4 d5 2.c4 c6 3.Nf3 Nf6 4.Nc3 dxc4 5.a4 Bf5 6.Ne5 e6 7.f3 Bb4 8.e4 Bxe4
9.fxe4 Nxe4 10.Bd2 Qxd4 11.Nxe4 Qxe4+ 12.Qe2 Bxd2+ 13.Kxd2 Qd5+ 14.Kc2 Na6
15.Nxc4 O-O-O 16.Qe5 f6 17.Qe3 Kb8 18.Be2 Qxg2 19.Rhg1 Qxh2 20.Rxg7 Nb4+
21.Kb3 Nd5 22.Qf3 Qf4 23.Rf1 Qd4 24.Qf2 Qxf2 25.Rxf2 Kc8 26.Bg4 f5 27.Bf3 Rd7
28.Rfg2 Re8 29.a5 Kc7 30.Rxd7+ Kxd7 31.Rg5 Re7 32.Ka3 Kc7 33.b4 b5 34.axb6+ axb6
35.Kb3 b5 36.Nd2 Ne3 37.Kc3 Rd7 38.Rg1 e5 39.Re1 f4 40.Be4 Rd4 41.Rh1 Nc4
42.Rxh7+ Kd8 43.Bxc6 Nxd2 44.Bxb5 f3 45.Rh5 Nb1+ 46.Kb3 e4 47.Rf5 e3 48.Re5 Re4  0-1

[Event "Budapest FS09 IM-B"]
[Site "Budapest"]
[Date "1993.??.??"]
[Round "?"]
[White "Ben Menachem, Itzhak"]
[Black "Gelle, Istvan"]
[Result "1-0"]
[WhiteElo "2315"]
[BlackElo "2235"]

1.d4 d5 2.Nf3 Nf6 3.c4 c6 4.Nc3 dxc4 5.a4 Bf5 6.e3 e6 7.Bxc4 Bb4 8.O-O Nbd7
9.h3 h6 10.Qe2 Bh7 11.Bd2 O-O 12.Rfd1 Qe7 13.a5 Rfd8 14.Be1 Rac8 15.Bd3 Bxd3
16.Qxd3 e5 17.Qc4 exd4 18.Nxd4 Ne5 19.Qb3 g6 20.a6 b6 21.Qc2 c5 22.Nde2 Kg7
23.Nf4 Rxd1 24.Rxd1 Rd8 25.Ncd5 Nxd5 26.Nxd5 Rxd5 27.Rxd5 Bxe1 28.Qe4 Nc6
29.Qxe7 Nxe7 30.Rd7 Nc6 31.Rc7 Nb4 32.Rxa7 b5 33.Rxf7+ Kxf7 34.a7  1-0

[Event "Budapest FS02 GM"]
[Site "Budapest"]
[Date "1993.??.??"]
[Round "?"]
[White "Dao Thien Hai"]
[Black "Lengyel, Levente"]
[Result "1/2-1/2"]
[WhiteElo "2560"]
[BlackElo "2385"]

1.d4 d5 2.c4 c6 3.Nf3 Nf6 4.Nc3 dxc4 5.a4 Bf5 6.e3 e6 7.Bxc4 Bb4 8.O-O Nbd7
9.Qe2 O-O 10.Bd2 Bg4  1/2-1/2

[Event "Budapest FS10 IM-B"]
[Site "Budapest"]
[Date "1993.??.??"]
[Round "1"]
[White "Krizsany, Laszlo"]
[Black "Mihok, Laszlo"]
[Result "1-0"]
[WhiteElo "2370"]
[BlackElo "2320"]

1.d4 d5 2.c4 c6 3.Nc3 Nf6 4.Nf3 dxc4 5.a4 Bf5 6.Nh4 Bc8 7.Nf3 Bf5 8.e3 e6
9.Bxc4 Bb4 10.O-O Nbd7 11.Nh4 O-O 12.f3 Bg6 13.Nxg6 hxg6 14.Qb3 a5 15.Rd1 Qc7
16.e4 Nb6 17.Be2 Rfd8 18.Be3 Nbd7 19.Rac1 e5 20.Bc4 Rf8 21.Ne2 Bd6 22.d5 c5
23.g4 Nb6 24.Bb5 Nc8 25.Kg2 Na7 26.Bc4 b6 27.Rh1 Rab8 28.Nc3 Nh7 29.Bd3 Rbc8
30.Ne2 Rb8 31.h4 Qe7 32.Rh3 f6 33.Rch1 Rb7 34.Qc3 Qe8 35.b3 Qc8 36.Ba6 Qd7
37.Bxb7 Qxb7 38.g5 Qe7 39.h5 gxh5 40.Rxh5 Nxg5 41.Bxg5 fxg5 42.Ng3 Qf6 43.Nf5 Rd8
44.Qe3  1-0

[Event "Budapest Statistika"]
[Site "Budapest"]
[Date "1993.??.??"]
[Round "3"]
[White "Wohlfahrt, Herbert J"]
[Black "Varga, Peter"]
[Result "1/2-1/2"]
[WhiteElo "2230"]
[BlackElo "2315"]

1.d4 d5 2.c4 c6 3.Nf3 Nf6 4.Nc3 dxc4 5.a4 Bf5 6.e3 e6 7.Bxc4 Bb4 8.O-O O-O
9.Qe2 Bg4 10.Rd1 Nbd7 11.h3 Bxf3 12.Qxf3 Qc7 13.e4 e5 14.Bg5 exd4 15.Bxf6 Nxf6
16.Rxd4 Qe5 17.Rad1 Rae8 18.Bxf7+ Rxf7 19.Rxb4 Nd5 20.Qxf7+ Kxf7 21.exd5 cxd5
22.Rxb7+ Re7 23.Rxe7+ Qxe7 24.Nxd5 Qe2 25.Ne3 Qxb2 26.Rd7+ Kg6 27.Rxa7 Qb1+
28.Nf1 Qb6  1/2-1/2

[Event "Budapest FS08 IM"]
[Site "Budapest"]
[Date "1993.??.??"]
[Round "7"]
[White "Liedl, Wolfgang"]
[Black "Tomcsanyi, Peter"]
[Result "1-0"]
[WhiteElo "2215"]
[BlackElo "2290"]

1.d4 d5 2.c4 c6 3.Nf3 Nf6 4.Nc3 dxc4 5.a4 Bf5 6.e3 e6 7.Bxc4 Bb4 8.O-O O-O
9.Qe2 Bg4 10.Rd1 Nbd7 11.h3 Bxf3 12.Qxf3 Qc7 13.Bd2 e5 14.Rac1 exd4 15.exd4 Rad8
16.Bb3 Qb6 17.Bf4 Ba5 18.Nb1 Qb4 19.Na3 Qe7 20.Nc4 Bb4 21.Ne5 a5 22.Kh1 Kh8
23.Nd3 Nb6 24.Nxb4 axb4 25.Re1 Qd7 26.Rcd1 Ra8 27.Bg5 Nfd5 28.Re4 f6 29.Bc1 Rae8
30.Rde1 Rxe4 31.Qxe4 g6 32.a5 Nc8 33.Bh6 Rd8 34.Bxd5 cxd5 35.Qe6 Qxe6 36.Rxe6 Nd6
37.Rxf6 Nc4 38.b3 Nxa5 39.Rb6 Nxb3 40.Rxb4 Na5 41.Rb5 Nc6 42.Rxb7 Kg8 43.Rg7+ Kh8
44.Rc7 Na5 45.Bg7+ Kg8 46.Be5 Nc4 47.Rg7+ Kf8 48.Rxh7 Nxe5 49.Rh8+  1-0

[Event "Budapest FS11 IM-B"]
[Site "Budapest"]
[Date "1993.??.??"]
[Round "7"]
[White "Pigott, John C"]
[Black "Varga, Peter"]
[Result "1/2-1/2"]
[WhiteElo "2380"]
[BlackElo "2320"]

1.d4 d5 2.c4 c6 3.Nc3 Nf6 4.Nf3 dxc4 5.a4 Bf5 6.e3 e6 7.Bxc4 Bb4 8.O-O O-O
9.Qe2 Bg4 10.h3 Bxf3 11.Qxf3 Nbd7 12.Rd1 Qc7 13.Bd2 e5 14.Rac1 exd4 15.exd4 Qb6
16.Bf4 Rad8 17.Na2 a5 18.Nxb4 Qxb4 19.b3 Nb8 20.Bg5 Rd6 21.Bf4 Rdd8 22.Bc7 Rc8
23.Qf4 Rfe8 24.Bd6 Qb6 25.Qf5 Rcd8 26.Bf4 Rxd4 27.Be3 Rxd1+ 28.Rxd1 Qc7 29.Bf4 Qb6
30.Rd6 Qb4 31.Rxf6 gxf6 32.Qxf6 Qe7 33.Qxe7 Rxe7 34.Bxb8 b5 35.axb5 cxb5
36.Bd5 a4 37.bxa4 bxa4 38.f4 Rd7 39.Bc6 Rd1+ 40.Kf2 a3 41.Be5 a2 42.Kg3 Kf8
43.Bf3 Re1 44.Bd5 Rxe5 45.Bxa2 Ra5 46.Bb1 Kg7 47.Kg4 h6 48.Bd3 Rc5 49.Bb1 Kf6
50.Ba2 Rc2 51.Bd5 Rd2 52.Bf3 Rd4 53.Be2 Kg6 54.Bf3 h5+ 55.Kg3 h4+ 56.Kxh4 Rxf4+
57.Kg3 Kg5 58.Ba8 f5 59.Bc6 Rc4 60.Bd5 Rc3+ 61.Kh2 Kf4 62.Ba8 Ke5 63.Bb7 Rc7
64.Bf3 f4 65.Ba8 Kd4 66.Bf3  1/2-1/2

[Event "Budapest FS08 IM"]
[Site "Budapest"]
[Date "1993.??.??"]
[Round "9"]
[White "Littke, Adam"]
[Black "Tomcsanyi, Peter"]
[Result "0-1"]
[WhiteElo "2270"]
[BlackElo "2290"]

1.d4 d5 2.c4 c6 3.Nf3 Nf6 4.Nc3 dxc4 5.a4 Bf5 6.e3 e6 7.Bxc4 Bb4 8.O-O O-O
9.Nh4 Bg4 10.f3 Bh5 11.g4 Bg6 12.Nxg6 hxg6 13.Qb3 Qe7 14.e4 Nbd7 15.Bg5 e5
16.dxe5 Nxe5 17.Kh1 Qc5 18.Be2 Nexg4 19.fxg4 Bxc3 20.Bh4 Be5 21.Bc4 b5 22.axb5 cxb5
23.Qxb5 Qxb5 24.Bxb5 Rab8 25.Bxf6 gxf6 26.Ra5 a6 27.Bxa6 Rxb2 28.Rc1 Rxh2+
29.Kg1 Rh4 30.Be2 Rb8 31.Ra2 Kg7 32.Kg2 Rb3 33.Rcc2 Rg3+ 34.Kf2 Rh2+ 35.Kf1 Bd4
36.Ke1 Bc3+ 37.Kf1 Rh1+  0-1

[Event "Budapest FS11 IM-A"]
[Site "Budapest"]
[Date "1993.??.??"]
[Round "10"]
[White "Hoang Than Trang"]
[Black "Acs, Peter"]
[Result "1-0"]
[WhiteElo "2300"]
[BlackElo "2245"]

1.d4 d5 2.c4 c6 3.Nf3 Nf6 4.Nc3 dxc4 5.a4 Bf5 6.e3 e6 7.Bxc4 Bb4 8.O-O Nbd7
9.Qb3 a5 10.Na2 Be7 11.Nh4 Be4 12.Nc3 Qc7 13.Nxe4 Nxe4 14.Nf3 Ndf6 15.Ne5 Bd6
16.f3 Bxe5 17.dxe5 Nc5 18.Qc3 Nd5 19.Bxd5 cxd5 20.b3 Ra6 21.Ba3 Rc6 22.Rac1 Nxa4
23.Qd3 Nc3 24.Rc2 b5 25.Bd6 Qc8 26.Ra1 b4 27.Rxa5 Qb7 28.Qf1 Kd7 29.Qa1 Nb5
30.Rxc6 Qxc6 31.Rxb5 Ra8 32.Ra5 Rb8 33.Bxb8  1-0

[Event "Budapest FS11 IM-B"]
[Site "Budapest"]
[Date "1993.??.??"]
[Round "10"]
[White "Blasovszky, Istvan"]
[Black "Varga, Peter"]
[Result "1-0"]
[WhiteElo "2230"]
[BlackElo "2320"]

1.d4 d5 2.Nf3 Nf6 3.c4 c6 4.Nc3 dxc4 5.a4 Bf5 6.e3 e6 7.Bxc4 Bb4 8.O-O O-O
9.h3 c5 10.Qe2 cxd4 11.Nxd4 Nc6 12.Nxc6 bxc6 13.e4 Bg6 14.e5 Nd5 15.Ne4 Qh4
16.f4 a5 17.Qf3 Rfd8 18.b3 Qe7 19.Bb2 Nb6 20.Rfd1 Rd7 21.Rxd7 Qxd7 22.Be2 Qd5
23.Nf2 Qd2 24.Bc1 Qe1+ 25.Kh2 Bc5 26.Be3 Qxa1 27.Bxc5 Nd5 28.Bd6 Bc2 29.Bc4 Qc1
30.Bxd5 exd5 31.f5 Qb1 32.f6 Qxb3 33.Qg4 Bg6 34.fxg7 Qe3 35.Nd1 Qe4 36.Qg3 Qxa4
37.Ne3 Qe4 38.Ng4 Kxg7 39.Nf6 Qf5 40.Ng4 Re8 41.Qe3 Kh8 42.Qh6 Qh5 43.Qf4 Qh4
44.Qc1 Qd8 45.Qxc6 Re6 46.Qxd5 a4 47.Qc5 h5 48.Nf6 Kg7 49.Nd5 Be4 50.Nf4 Rh6
51.Be7 Qa8 52.Bg5 Ra6 53.Qe7 Kg8 54.Nxh5 Bg6 55.Nf6+ Kh8 56.Ne8 Kh7 57.Qf8 Qxe8
58.Qxe8 a3 59.Bf6 Be4 60.Qxf7+  1-0

[Event "Buenos Aires Najdorf op"]
[Site "Buenos Aires"]
[Date "1993.??.??"]
[Round "1"]
[White "Restifa, Hector"]
[Black "Tempone, Marcelo"]
[Result "1/2-1/2"]
[WhiteElo "2315"]
[BlackElo "2450"]

1.d4 d5 2.c4 c6 3.Nf3 Nf6 4.Nc3 dxc4 5.a4 Bf5 6.e3 e6 7.Bxc4 Bb4 8.O-O O-O
9.Qe2 Nbd7 10.e4 Bg6 11.Bd3 Bh5 12.e5 Nd5 13.Ne4 Be7 14.Ng3 Bg6 15.Bxg6 fxg6
16.Ne4 c5 17.Bg5 Rf5 18.Bxe7 Qxe7 19.Nd6 Rf4 20.g3 Rff8 21.Rac1 b6 22.h4 Rad8  1/2-1/2

[Event "Buenos Aires Najdorf op"]
[Site "Buenos Aires"]
[Date "1993.??.??"]
[Round "2"]
[White "Ibar, Marcelo"]
[Black "Garbarino, Rodolfo"]
[Result "1/2-1/2"]
[WhiteElo "2300"]
[BlackElo "2405"]

1.d4 d5 2.Nf3 Nf6 3.c4 c6 4.Nc3 dxc4 5.a4 Bf5 6.e3 e6 7.Bxc4 Bb4 8.O-O Nbd7
9.Bd2 a5 10.Qe2 Bg6 11.Rfd1 O-O 12.Be1 Qb6 13.h3 h6 14.Bd3  1/2-1/2

[Event "Calcutta op"]
[Site "Calcutta"]
[Date "1993.??.??"]
[Round "8"]
[White "Mishra, Neeraj Kumar"]
[Black "Kirov, Nino"]
[Result "1/2-1/2"]
[WhiteElo "2365"]
[BlackElo "2505"]

1.d4 d5 2.c4 c6 3.Nf3 Nf6 4.Nc3 dxc4 5.a4 Bf5 6.e3 e6 7.Bxc4 Bb4 8.O-O Nbd7
9.Qe2 Bg6 10.e4 Bxc3 11.bxc3 Bxe4 12.Ng5 Bf5 13.Ba3 Nd5 14.Ne4 Bxe4 15.Qxe4 N7f6
16.Qe5 Qc7 17.Rab1 O-O-O 18.Rfc1 Qxe5 19.dxe5 Ne4 20.Rb2 Nb6 21.Bf1 Nd2 22.Rb4 Rd5
23.Rf4 Rxe5 24.Rxf7 Nxf1 25.Kxf1 g5 26.c4 Rd8 27.Be7 Rd2 28.c5 Nd5 29.Re1 Rxe1+
30.Kxe1 Rc2 31.Bd6 h5 32.Rf8+  1/2-1/2

[Event "Capablanca mem-C"]
[Site "?"]
[Date "1993.??.??"]
[Round "7"]
[White "Pecorelli Garcia, Humberto"]
[Black "De Leon, Javier"]
[Result "1-0"]
[WhiteElo "2400"]
[BlackElo "2245"]

1.d4 d5 2.c4 c6 3.Nf3 Nf6 4.Nc3 dxc4 5.a4 Bf5 6.Nh4 Bg6 7.Nxg6 hxg6 8.e4 e5
9.Bxc4 Qxd4 10.Bxf7+ Kxf7 11.Qb3+ Ke8 12.Qxb7 Bb4 13.O-O Qb6 14.Qxa8 Nd7
15.Be3 Bc5 16.a5 Qc7 17.Rac1 Kf7 18.Nd5 Qxa5 19.Bxc5 Nxc5 20.b4 Qd8 21.Rxc5 cxd5
22.Qb7+  1-0

[Event "Cattolica"]
[Site "Cattolica"]
[Date "1993.??.??"]
[Round "7"]
[White "Novikov, Igor A"]
[Black "Laketic, Gojko"]
[Result "1-0"]
[WhiteElo "2545"]
[BlackElo "2410"]

1.d4 d5 2.c4 c6 3.Nf3 Nf6 4.Nc3 dxc4 5.a4 Bf5 6.Ne5 e6 7.f3 Bb4 8.e4 Bxe4
9.fxe4 Nxe4 10.Bd2 Qxd4 11.Nxe4 Qxe4+ 12.Qe2 Bxd2+ 13.Kxd2 Qd5+ 14.Kc2 Na6
15.Nxc4 O-O-O 16.Qe5 Rd7 17.Be2 f6 18.Qxd5 cxd5 19.Na3 Nb4+ 20.Kd2 Rc7 21.Rac1 Rxc1
22.Rxc1+ Kd7 23.Rc3 Nc6 24.Rb3 Rb8 25.Bb5 Rg8 26.Bxc6+ Kxc6 27.Nb5  1-0

[Event "Cheliabinsk"]
[Site "Cheliabinsk"]
[Date "1993.??.??"]
[Round "?"]
[White "Sherbakov, Ruslan"]
[Black "Tolstikh, Nikolay"]
[Result "1/2-1/2"]
[WhiteElo "2580"]
[BlackElo "2380"]

1.d4 d5 2.c4 c6 3.Nf3 Nf6 4.Nc3 dxc4 5.a4 Bf5 6.e3 e6 7.Bxc4 Bb4 8.O-O Nbd7
9.Qe2 Bg6 10.e4 O-O 11.Bd3 Qa5 12.e5 Nd5 13.Bxg6 fxg6 14.Ne4 c5 15.Neg5 Rfe8
16.Qe4 Qb6 17.a5 Qc6 18.Bd2 Bxd2 19.Nxd2 Nb4 20.Qxc6 Nxc6 21.dxc5 Nxc5 22.f4 Red8
23.Nde4 Nxe4 24.Nxe4 Rd5 25.a6 Rb8 26.axb7 Rxb7 27.Rfc1 Rb6 28.Ra4 h6 29.Rac4 Rd4
30.Nd6 Rxc4 31.Rxc4 Kf8 32.b4 g5 33.b5 Ne7 34.g3 gxf4 35.gxf4 Nf5 36.Rc8+ Ke7
37.Rc7+ Kd8 38.Rxa7 Nxd6 39.exd6 g5 40.fxg5  1/2-1/2

[Event "Copenhagen op2"]
[Site "Copenhagen"]
[Date "1993.??.??"]
[Round "5"]
[White "Clausen, Steen"]
[Black "Bjerring, Kai"]
[Result "0-1"]
[WhiteElo "2285"]
[BlackElo "2350"]

1.d4 d5 2.Nf3 Nf6 3.c4 c6 4.Nc3 dxc4 5.a4 Bf5 6.e3 e6 7.Bxc4 Bb4 8.O-O Nbd7
9.Qe2 Bg6 10.Rd1 Qa5 11.Bd2 e5 12.e4 O-O 13.Nxe5 Nxe5 14.dxe5 Qxe5 15.f3 Rfe8
16.Be1 Nh5 17.g3 Kh8 18.Bf2 f5 19.f4 Qa5 20.e5 Nf6 21.h3 Bh5 22.Qc2 Bxd1
23.Rxd1 Bxc3 24.Qxc3 Qxc3 25.bxc3 Ne4 26.Rd7 Rad8 27.Rxd8 Rxd8 28.Bxa7 g6
29.Bb6 Ra8 30.a5 Kg7 31.g4 Kf8 32.gxf5 gxf5 33.Be6 Nxc3 34.Bxf5 Nd5 35.Bc5+ Kf7
36.e6+ Kf6 37.Bxh7 Nxf4 38.e7 Ng6 39.Bd4+ Kf7 40.Bxg6+ Kxg6 41.Bb6 Re8 42.Bd8 Kf5
43.Kf2 Ke4 44.Ke2 Kd4 45.Kd2 Kd5 46.h4 Kd6 47.Ke3 Rh8 48.Kf3 Kd7 49.Kg4 c5
50.Bb6 Rc8 51.Kf3 Kxe7 52.Ke3 Kd6  0-1

[Event "CZE-ch"]
[Site "?"]
[Date "1993.??.??"]
[Round "3"]
[White "Jirovsky, Milos"]
[Black "Cech, Pavel"]
[Result "1-0"]
[WhiteElo "2420"]
[BlackElo "2315"]

1.d4 d5 2.Nf3 Nf6 3.c4 c6 4.Nc3 dxc4 5.a4 Bf5 6.e3 e6 7.Bxc4 Bb4 8.O-O O-O
9.Qb3 Qe7 10.Bd2 a5 11.Rfe1 Ne4 12.Nxe4 Bxe4 13.Bxb4 axb4 14.Ne5 Ra5 15.Bd3 Bxd3
16.Nxd3 Na6 17.Rac1 Rh5 18.g3 Rd8 19.Rc4 Qf6 20.Qd1 Qh6 21.h4 g5 22.Ne5 f5
23.Nf3 gxh4 24.Nxh4 Rd7 25.Qf3 Nc7 26.Qf4 Qxf4 27.exf4 Nd5 28.Nf3 Rh6 29.a5 Rg7
30.Ng5 Rf6 31.Kf1 h6 32.Nxe6 Re7 33.Nc5 Rxe1+ 34.Kxe1 Rf7 35.Nd3 Re7+ 36.Kf1 Re3
37.Nxb4 Rb3 38.Nxd5 cxd5 39.Rc5 Kg7 40.Rxd5 Kg6 41.Rd6+  1-0

[Event "CZE-ch"]
[Site "?"]
[Date "1993.??.??"]
[Round "5"]
[White "Hajek, Michal"]
[Black "Gibiec, Ernest"]
[Result "1-0"]
[WhiteElo "2285"]
[BlackElo "2255"]

1.d4 d5 2.c4 c6 3.Nf3 Nf6 4.Nc3 dxc4 5.a4 Bf5 6.Ne5 Na6 7.e3 Nb4 8.Bxc4 e6
9.O-O Be7 10.g4 Bg6 11.f4 Bc2 12.Qe2 Bg6 13.h4 Ne4 14.Nxg6 Ng3 15.Qg2 hxg6
16.Qxg3 Rxh4 17.Kg2 g5 18.fxg5 Bxg5 19.Ne4 Be7 20.Bd2 Nd5 21.Rh1 f5 22.Nd6+ Qxd6
23.Rxh4 Qxg3+ 24.Kxg3 Bxh4+ 25.Kxh4  1-0

[Event "CZE-ch"]
[Site "?"]
[Date "1993.??.??"]
[Round "8"]
[White "Jerabek, Petr"]
[Black "Buchnicek, Petr"]
[Result "1-0"]
[WhiteElo "2230"]
[BlackElo "2180"]

1.d4 d5 2.c4 c6 3.Nf3 Nf6 4.Nc3 dxc4 5.a4 Bf5 6.e3 e6 7.Bxc4 Bb4 8.O-O O-O
9.Qe2 Nbd7 10.e4 Bg6 11.e5 Nd5 12.Nxd5 cxd5 13.Bd3 Be7 14.Bd2 Nb8 15.b4 Nc6
16.Rfb1 a6 17.Rb3 Qb6 18.a5 Qa7 19.Bxg6 fxg6 20.Qd3 b5 21.axb6 Qxb6 22.Rba3 Bxb4
23.Rxa6 Qb7 24.Rxa8 Rxa8 25.Rxa8+ Qxa8 26.Bxb4 Nxb4 27.Qb1 Nc6 28.h4 Qe8
29.Qb6 h6 30.Qa6 Kf7 31.Qd3 Qa8 32.Qe3 Qa1+ 33.Kh2 Qb1 34.Qf4+ Qf5 35.Kg3 Qxf4+
36.Kxf4 Ke7 37.Ke3 Kd7 38.Ng1 Ne7 39.g4 Nc6 40.Nh3 Ke7 41.Nf4 Kf7 42.Kd3 g5
43.hxg5 hxg5 44.Nh3 Nb4+ 45.Kc3 Na2+ 46.Kb2 Nb4 47.Kc3 Na2+ 48.Kb2 Nb4 49.Nxg5+ Kg6
50.Nxe6 Nd3+ 51.Kc2 Nxf2 52.Nf4+ Kg5 53.Nxd5 Nxg4 54.Kd3 Nf2+ 55.Ke3 Ng4+
56.Ke4 Nf2+ 57.Kf3 Nd1 58.Ke2 Nb2 59.Ne3 Na4 60.Kd3 Nb6 61.Ke4 Kg6 62.e6 Nc8
63.Ke5 Kh7 64.d5 g6 65.d6  1-0